Jules Verne characters - Statistics

General Stats
  • This quiz has been taken 55 times
  • The average score is 5 of 22
Answer Stats
Hint Answer % Correct
Round-the-world travellers Phileas Fogg
78%
Jean Passepartout
63%
Settlers of Lincoln Island Cyrus Smith
41%
Fix
41%
Nab
31%
Voyagers to the centre of the Earth Axel Lidenbrock
28%
Men who reached the North Pole Captain Hatteras
28%
Harbert Brown
28%
Pencroff
25%
Professor Lidenbrock
25%
Gideon Spilett
22%
Hans
22%
Men who spent five weeks in a balloon Samuel Fergusson
19%
Dick Kennedy
16%
Michel Ardan
13%
Men who went to the Moon Impey Barbicane
9%
Joe Wilson
9%
Dr Clawbonny
6%
Bell
3%
Captain Altamont
3%
Captain Nicholls
3%
Johnson
3%
No matching quizzes found
Score Distribution
Percent of People with Each Score
Percentile by Number Answered
Your Score History
You have not taken this quiz